Country Shape Whack-A-Mole - Statistics

General Stats
  • This quiz has been taken 23,494 times
  • The average score is 14 of 20
Answers on the Map
Answers color-coded by a green-red scale on the quiz's map according to % correct below.
 
Answer Stats
hole Country % Correct
12 Japan
89%
1 Canada
87%
9 France
87%
6 Indonesia
85%
11 New Zealand
79%
2 Vietnam
79%
10 Cuba
78%
8 Greece
77%
4 Argentina
76%
2 Sweden
72%
6 Iran
65%
3 Saudi Arabia
65%
5 Sudan
63%
13 Pakistan
62%
14 Mozambique
60%
9 Poland
52%
8 Syria
52%
12 Venezuela
52%
7 Nicaragua
48%
10 Ghana
42%
No matching quizzes found
Score Distribution
Percent of People with Each Score
Percentile by Number Answered
Your Score History
You have not taken this quiz